000 00880nam a2200241Ia 4500
008 130821s1999 ck gr spa
020 _a958 633 379 5
040 _aCo-BoUCM
_bspa
041 0 0 _aspa
100 1 _aDickens, Charles
_91507
245 1 0 _aOliver Twist
_cCharles Dickens ; presentación Juan Tébar, traducción, apéndice y notas Pollux Hernúñez, ilustración George Cruikshank
260 _aBogotá (Colombia)
_bRei Andes Ltda
_c1999
300 _a444 páginas
490 _aLa biblioteca de los niños
650 _aLiteratura europea
_926524
650 _aLiteratura inglesa
_9272
650 _aNovela inglesa
_920530
700 1 _aCruikshank, George
_eil.
_9168862
700 1 _aHernúñez, Pollux
_etrad.
_9163278
700 1 _aTébar, Juan
_epresentación
_9168863
942 _cLIBRO
_a18
_e1
_mD548o
_2DEWEY
_h823.7
999 _c74266
_d74266